000 00627nam a2200205Ia 4500
999 _c1644
_d1644
020 _a81-7054-188-3
082 _a331.76133 KHA-;
100 _aKhandewale, S.V
245 0 _aMigration of unskilled labour:a study of causes, permanency and assimilation in Nagpur
260 _aNew Delhi
_bClassical Publishing
_c1994
300 _axi, 198p.
504 _aIncludes bibliography
650 _aMigration, internal - Nagpur
650 _aLabor economics - Nagpur
650 _aUnskilled labor - Nagpur
650 _aMigrant labor - Nagpur
650 _aAssimilation (Sociology)
700 _aChorghade, S.V.
942 _cBK